Nenne eine Mittelstadt, die ... - Statistiken

Allgemein
  • Dieses Quiz wurde 133 mal gespielt
  • Das Durchschnittsergebnis liegt bei 6 aus 8
Antwortstatistiken
Nenne eine Mittelstadt, ... ... die die Anforderungen erfüllt. % Korrekt
die einen Bindestrich im Namen hat. (beide Namen eingeben) Bad Neuenahr-Ahrweiler | Baden-Baden | Bietigheim-Bissingen | Bitterfeld-Wolfen | Blankenfelde-Mahlow | Castrop-Rauxel | Dessau-Roßlau | Garmisch-Partenkirchen | Groß-Gerau | Groß-Umstadt | Henstedt-Ulzburg | Idar-Oberstein | Kamp-Lintfort | Korntal-Münchingen | Leinefelde-Worbis | Leinfelden-Echterdingen | Limbach-Oberfrohna | Mörfelden-Walldorf | Neu-Isenburg | Neunkirchen-Seelscheid | Neu-Ulm | Oer-Erkenschwick | Osterholz-Scharmbeck | Rheda-Wiedenbrück | Schloß Holte-Stukenbrock | Übach-Palenberg | Villingen-Schwenningen | Waldshut-Tiengen
98%
die mal Großstadt war. Cottbus | Dessau-Roßlau | Flensburg | Gera | Görlitz | Gütersloh | Plauen | Schwerin | Wilhelmshaven | Witten | Zwickau
83%
die in Mecklenburg-Vorpommern liegt. Greifswald | Güstrow | Neubrandenburg | Neustrelitz | Stralsund | Waren (Müritz) | Wismar
80%
die auf 600 Metern oder höher liegt. Albstadt | Donaueschingen | Freudenstadt | Garmisch-Partenkirchen | Geretsried | Kaufbeuren | Kempten | Leutkirch | Memmingen | Rottweil | Sonthofen | Tuttlingen | Villingen-Schwenningen
75%
die über 70.000 Einwohner hat, allerdings weder kreisfrei, noch Sitz eines Kreises ist. Arnsberg | Bocholt | Castrop-Rauxel | Dinslaken | Dormagen | Dorsten | Gladbeck | Grevenbroich | Herten | Hürth | Iserlohn | Kerpen | Lippstadt | Lünen | Marl | Norderstedt | Ratingen | Rheine | Rüsselsheim am Main | Schwäbisch Gmünd | Sindelfingen | Troisdorf | Velbert | Witten
60%
in einem Landkreis liegt, der mit P beginnt. (ohne kreisfreie Städte) Büren | Delbrück | Elmshorn | Ilsede | Peine | Pfaffenhofen an der Ilm | Pinneberg | Quickborn | Salzkotten | Teltow | Wedel | Werder (Havel)
59%
die an der Weser liegt. Achim | Bad Oeynhausen | Geestland | Hameln | Hann. Münden | Höxter | Holzminden | Minden | Nienburg | Nordenham | Petershagen | Porta Westfalica | Rinteln
53%
die an Berlin grenzt. Blankenfelde-Mahlow | Falkensee | Hennigsdorf | Hohen Neuendorf | Königs Wusterhausen | Panketal | Wandlitz | Teltow
46%
Keine übereinstimmenden Quizze gefunden
Verteilung der Resultate
Anzahl Personen mit jedem Resultat
Perzentil nach korrekt beantworteten Fragen
Ihre Resultats-Entwicklung
Sie haben dieses Quiz noch nicht gespielt